000
00337nam a2200133Ia 4500
008
240624s9999 xx 000 0 und d
041
_a
eng
082
_a
658.314 ALL
100
_a
ALLEN JANIS
245
_a
HOW TO ENGAGE INVOLVE AND MOTIVATE EMPLO
260
_c
2017
_a
USA
_b
CRC Press
300
_a
xviii,164P. 23cm.
365
_c
BPS
_b
33
999
_c
32657
_d
32657